Amelia Bedelia's family album / by Peggy Parish ; pictures by Lynn Sweat.
Amelia Bedelia entertains Mr. and Mrs. Rogers by showing them her family album and describing what her relatives do.
Record details
- ISBN: 0380728605
- ISBN: 0688076769
- Physical Description: 48 pages : chiefly color illustrations ; 24 cm.
- Publisher: New York : Greenwillow Books, c1988.
Search for related items by subject
| Subject: | Families > Juvenile fiction. Humorous stories. Family > Fiction. Humorous stories. |
| LDR | 01276cam a2200301 a 4500 | ||
|---|---|---|---|
| 001 | 116558 | ||
| 003 | CONS | ||
| 005 | 20140703074745.0 | ||
| 008 | 910117s1988 nyua 000 1 eng d | ||
| 010 | . | ‡a 87015641 | |
| 020 | . | ‡a0380728605 | |
| 020 | . | ‡a0688076769 | |
| 035 | . | ‡a(CPomAG)LMN310161 | |
| 100 | 1 | . | ‡aParish, Peggy. |
| 245 | 1 | 0. | ‡aAmelia Bedelia's family album / ‡cby Peggy Parish ; pictures by Lynn Sweat. |
| 260 | . | ‡aNew York : ‡bGreenwillow Books, ‡cc1988. | |
| 300 | . | ‡a48 pages : ‡bchiefly color illustrations ; ‡c24 cm. | |
| 520 | . | ‡aAmelia Bedelia entertains Mr. and Mrs. Rogers by showing them her family album and describing what her relatives do. | |
| 650 | 0. | ‡aFamilies ‡vJuvenile fiction. | |
| 650 | 0. | ‡aHumorous stories. | |
| 650 | 1. | ‡aFamily ‡vFiction. | |
| 650 | 1. | ‡aHumorous stories. | |
| 700 | 1 | . | ‡aSweat, Lynn. |
| 914 | . | ‡aNWP_jp | |
| 959 | . | ‡i32269000155997 ‡lBR Par ‡aJuvenile - Easy ‡tBeginning Reader ‡g18.00 | |
| 852 | . | ‡p32269000155997 ‡jBR Par ‡jBR Par ‡gJuvenile - Easy ‡gStorage - Juvenile ‡cBeginning Reader ‡cBeginning Reader ‡y18.00 ‡y10.00 ‡bSBPL | |
| 959 | . | ‡i32269000867450 ‡lBR Par ‡aStorage - Juvenile ‡tBeginning Reader ‡g10.00 | |
| 852 | . | ‡p32269000867450 ‡jBR Par ‡jBR Par ‡gJuvenile - Easy ‡gStorage - Juvenile ‡cBeginning Reader ‡cBeginning Reader ‡y18.00 ‡y10.00 ‡bSBPL | |
| 901 | . | ‡a116558 ‡bUnknown ‡c116558 ‡tbiblio | |